[Event "4NCL Online Division 7"]
[Site "online"]
[Date "2021.04.06"]
[EventDate "2021.04.06"]
[Round "6.214"]
[White "Ali, Shahyan"]
[WhiteElo "1247"]
[WhiteTeam "KCJS 2"]
[Black "He, Kingsley"]
[BlackElo "842"]
[BlackTeam "Colchester JFF C"]
[Result "1-0"]
[PlyCount "75"]

1. e4 c6 2. Bc4 d5 3. exd5 cxd5 4. Bb5+ Bd7 5. Bxd7+ Nxd7 6. d3 e5 7. Nf3 Ngf6 8. Bg5 Be7 9. Nc3 Nb6 10. Nxe5 O-O 11. Bxf6 Bxf6 12. Ng4 Re8+ 13. Ne2 Bxb2 14. Rb1 Bc3+ 15. Kf1 Na4 16. Rxb7 Nb2 17. Qc1 Qa5 18. Nxc3 Qxc3 19. Rxb2 Qa3 20. Qb1 Rf8 21. g3 Qd6 22. Ne3 Rab8 23. Kg2 d4 24. Nc4 Qd5+ 25. f3 Rbe8 26. Re1 Rd8 27. Rb5 Qc6 28. Re7 a6 29. Rb6 Qc5 30. Re5 Qc7 31. Rb7 Qc6 32. Qb6 Qa4 33. Qa5 Qxc2+ 34. Kh3 Ra8 35. Qa3 Qf2 36. Ra5 Qxf3 37. Rb6 Qh5+ 38. Rxh5 1-0

[Event "4NCL Online Division 7"]
[Site "online"]
[Date "2021.04.06"]
[EventDate "2021.04.06"]
[Round "6.221"]
[White "Geear, Alistair"]
[WhiteElo "1600"]
[WhiteTeam "Harborough Cuatro 2"]
[Black "Love, James"]
[BlackElo "1652"]
[BlackTeam "Crowthorne 2"]
[Result "1-0"]
[PlyCount "95"]

1. d4 e6 2. c4 f5 3. Nc3 Nf6 4. g3 Be7 5. Bg2 O-O 6. Nf3 d6 7. O-O Qe8 8. Re1 Ne4 9. Nxe4 fxe4 10. Ng5 Bxg5 11. Bxg5 h6 12. Bf4 e5 13. dxe5 dxe5 14. Qd5+ Qe6 15. Qxe6+ Bxe6 16. Bxe5 Bxc4 17. Rac1 Bxa2 18. Rxc7 Rf7 19. Rc8+ Rf8 20. Rxf8+ Kxf8 21. Bxe4 Nd7 22. Bd6+ Kf7 23. Bxb7 Re8 24. Bf3 Ne5 25. Bxe5 Rxe5 26. Ra1 Bd5 27. Bxd5+ Rxd5 28. Rxa7+ Kf6 29. Rb7 g5 30. Kg2 Rd6 31. h4 gxh4 32. gxh4 Ke5 33. Rb4 Kd5 34. Kg3 Kc5 35. Rb8 Kc4 36. f4 Rg6+ 37. Kf3 Kd4 38. b4 Kd5 39. b5 Ke6 40. Rb6+ Kf5 41. Rxg6 Kxg6 42. b6 Kh5 43. b7 Kg6 44. b8=Q Kh5 45. Qe5+ Kxh4 46. Qa1 Kh5 47. Qb1 Kh4 48. Qh1# 1-0

[Event "4NCL Online Division 7"]
[Site "online"]
[Date "2021.04.06"]
[EventDate "2021.04.06"]
[Round "6.222"]
[White "Jodhka, Aarav"]
[WhiteElo "1000"]
[WhiteTeam "Crowthorne 2"]
[Black "Garland, Michael A snr"]
[BlackElo "1510"]
[BlackTeam "Harborough Cuatro 2"]
[Result "1-0"]
[PlyCount "77"]

1. e4 c5 2. Nf3 e6 3. d4 cxd4 4. Nxd4 Nc6 5. Nxc6 bxc6 6. Bc4 Nf6 7. Bg5 Be7 8. f3 O-O 9. Nc3 d5 10. Bb3 h6 11. Bh4 d4 12. Ne2 c5 13. c3 e5 14. O-O Nd7 15. Bxe7 Qxe7 16. cxd4 cxd4 17. f4 Bb7 18. Bd5 Bxd5 19. exd5 Qc5 20. Kh1 Qxd5 21. fxe5 Qxe5 22. Nxd4 Nf6 23. Re1 Qf4 24. Rf1 Qd6 25. Nf5 Qe5 26. Qd4 Qxd4 27. Nxd4 Ne4 28. Nc6 Nd2 29. Rfe1 Rfc8 30. Ne7+ Kh7 31. Nxc8 Rxc8 32. Rad1 Nc4 33. Rc1 Nd6 34. Rxc8 Nxc8 35. Rc1 Nd6 36. Rc7 Nb5 37. Rxf7 a6 38. a4 Nd4 39. Ra7 1-0

[Event "4NCL Online Division 7"]
[Site "online"]
[Date "2021.04.06"]
[EventDate "2021.04.06"]
[Round "6.223"]
[White "De Silva, Teah"]
[WhiteElo "962"]
[WhiteTeam "Crowthorne 2"]
[Black "Hill, Granville"]
[BlackElo "1425"]
[BlackTeam "Harborough Cuatro 2"]
[Result "0-1"]
[PlyCount "50"]

1. d4 Nf6 2. Nc3 e5 3. dxe5 Ng4 4. f4 Nc6 5. h3 Qh4+ 6. Kd2 Nf2 7. Qe1 Qxf4+ 8. e3 Ne4+ 9. Kd3 Nc5+ 10. Kd2 Qxe5 11. Nf3 Ne4+ 12. Nxe4 Qxe4 13. Ng5 Qg6 14. h4 h6 15. h5 Qxg5 16. Kd1 Be7 17. e4 Qf6 18. Bf4 d6 19. Be3 Bg4+ 20. Be2 Bxe2+ 21. Qxe2 Qxb2 22. Kd2 Qe5 23. Qf3 Bg5 24. Bxg5 Qxg5+ 25. Ke2 Nd4+ 0-1

[Event "4NCL Online Division 7"]
[Site "online"]
[Date "2021.04.06"]
[EventDate "2021.04.06"]
[Round "6.224"]
[White "De Silva, Dylan"]
[WhiteElo "962"]
[WhiteTeam "Crowthorne 2"]
[Black "Butler, Rene"]
[BlackElo "1166"]
[BlackTeam "Harborough Cuatro 2"]
[Result "0-1"]
[PlyCount "58"]

1. e4 e5 2. Nf3 Nc6 3. Bc4 Nf6 4. Ng5 d5 5. exd5 Na5 6. Bb5+ c6 7. dxc6 bxc6 8. Bd3 Be7 9. O-O O-O 10. Nc3 h6 11. Nf3 Bg4 12. Be2 Nb7 13. Nxe5 Bxe2 14. Qxe2 Rc8 15. Re1 Re8 16. Qf3 Bd6 17. d4 Bxe5 18. dxe5 Nd5 19. Nxd5 cxd5 20. Qg3 g5 21. Qb3 Qa5 22. Be3 Nd8 23. Rad1 Ne6 24. Qxd5 Qxd5 25. Rxd5 Rxc2 26. Rb1 Rb8 27. Bxa7 Rbxb2 28. Rxb2 Rc1+ 29. Rd1 Rxd1# 0-1

[Event "4NCL Online Division 7"]
[Site "online"]
[Date "2021.04.06"]
[EventDate "2021.04.06"]
[Round "6.231"]
[White "Kanellopoulos, Nikolas"]
[WhiteElo "1531"]
[WhiteTeam "Colchester JFF B"]
[Black "Kitaev, Daniel"]
[BlackElo "1352"]
[BlackTeam "Grangemouth Guerillas"]
[Result "0-1"]
[PlyCount "134"]

1. e4 e5 2. Nf3 Nf6 3. Nc3 Bc5 4. Bc4 d6 5. h3 Be6 6. Bb3 h6 7. d4 exd4 8. Nxd4 Qe7 9. Be3 Bb4 10. Qd3 a6 11. Ne2 Nbd7 12. Bxe6 fxe6 13. a3 Bc5 14. Bxc5 Nxc5 15. Qf3 O-O 16. Qe3 b5 17. O-O Rab8 18. b4 Ncd7 19. Rfd1 Ne5 20. a4 bxa4 21. Rxa4 Nc4 22. Qc1 Qf7 23. Rf1 Nd7 24. b5 axb5 25. Nxb5 Rxb5 26. Rxc4 Ne5 27. Nd4 Ra5 28. Rc3 Ra4 29. Qe3 c5 30. Nb3 Qg6 31. Nd2 Rd4 32. Re1 Qf6 33. Rf1 g5 34. Nf3 Nxf3+ 35. Qxf3 Qxf3 36. Rxf3 Rxe4 37. Rxf8+ Kxf8 38. Rd1 d5 39. f3 Re2 40. c3 Rc2 41. Re1 Ke7 42. Re3 Kd6 43. Kh2 e5 44. Kg3 d4 45. cxd4 cxd4 46. Rd3 Kd5 47. h4 gxh4+ 48. Kxh4 Rxg2 49. Kh5 Rh2+ 50. Kg4 Kc4 51. Rd1 Kc3 52. Re1 d3 53. Rxe5 d2 54. Rc5+ Kd4 55. Rc8 Ke3 56. Re8+ Kf2 57. Rd8 Ke1 58. Re8+ Re2 59. Rd8 d1=Q 60. Rxd1+ Kxd1 61. Kh5 Rf2 62. Kg4 h5+ 63. Kg3 Ke2 64. f4 h4+ 65. Kg4 h3 66. f5 h2 67. Kg5 h1=Q 0-1

[Event "4NCL Online Division 7"]
[Site "online"]
[Date "2021.04.06"]
[EventDate "2021.04.06"]
[Round "6.232"]
[White "Hanlon, Hugh"]
[WhiteElo "1353"]
[WhiteTeam "Grangemouth Guerillas"]
[Black "Chung, Vince"]
[BlackElo "1495"]
[BlackTeam "Colchester JFF B"]
[Result "0-1"]
[PlyCount "54"]

1. e4 e5 2. Bc4 Nc6 3. a3 Nf6 4. d3 Be7 5. Nf3 O-O 6. Nc3 d6 7. Nd5 Be6 8. O-O Nd4 9. Nxd4 exd4 10. Nxe7+ Qxe7 11. Bxe6 fxe6 12. Re1 e5 13. c3 c5 14. Qb3+ Kh8 15. cxd4 cxd4 16. Bg5 Qc7 17. Rac1 Qd7 18. h3 d5 19. exd5 Nxd5 20. Rc4 Qf7 21. Qc2 Nf4 22. Rxe5 Rae8 23. Rxe8 Rxe8 24. Bxf4 Qxf4 25. Rc8 Qf8 26. Rxe8 Qxe8 27. Qa4 Qxa4 0-1

[Event "4NCL Online Division 7"]
[Site "online"]
[Date "2021.04.06"]
[EventDate "2021.04.06"]
[Round "6.233"]
[White "Granger, Charlotte"]
[WhiteElo "1324"]
[WhiteTeam "Colchester JFF B"]
[Black "Fowler, David"]
[BlackElo "1223"]
[BlackTeam "Grangemouth Guerillas"]
[Result "0-1"]
[PlyCount "58"]

1. e4 g6 2. d4 Bg7 3. Nf3 d6 4. Nc3 a6 5. Bf4 Nd7 6. Bc4 e6 7. O-O Ngf6 8. Re1 O-O 9. Ne2 Nxe4 10. Qd3 f5 11. Nc3 d5 12. Bb3 c5 13. dxc5 Ndxc5 14. Qe3 d4 15. Rad1 dxe3 16. Rxd8 exf2+ 17. Kf1 fxe1=Q+ 18. Kxe1 Rxd8 19. Nxe4 Nxe4 20. Ke2 Kf8 21. Bc7 Rd7 22. Ba5 Nc5 23. Bb4 b6 24. Bxe6 Re7 25. Ng5 Bxe6 26. Nxe6+ Rxe6+ 27. Kd2 Rd8+ 28. Kc1 Bh6+ 29. Bd2 Re1# 0-1

[Event "4NCL Online Division 7"]
[Site "online"]
[Date "2021.04.06"]
[EventDate "2021.04.06"]
[Round "6.234"]
[White "Whitton, Nicholas"]
[WhiteElo "1041"]
[WhiteTeam "Grangemouth Guerillas"]
[Black "Catabay, Rezin C"]
[BlackElo "1306"]
[BlackTeam "Colchester JFF B"]
[Result "0-1"]
[PlyCount "82"]

1. e4 e5 2. Nf3 Nf6 3. Nxe5 Nc6 4. d4 Nxe5 5. dxe5 Nxe4 6. Qf3 Nc5 7. Bc4 Ne6 8. O-O Bc5 9. Be3 Bb6 10. Nc3 d6 11. Rad1 O-O 12. exd6 cxd6 13. Nd5 Qh4 14. Nxb6 axb6 15. Bf4 Qxf4 16. Bxe6 Qxf3 17. gxf3 Bxe6 18. Rxd6 b5 19. Rb6 Bc4 20. Rxb7 Bxf1 21. Kxf1 Rxa2 22. Rxb5 Rc8 23. f4 f6 24. f5 g6 25. fxg6 hxg6 26. h4 Kh7 27. f4 Rxc2 28. f5 gxf5 29. Rxf5 Kg6 30. Rb5 Raxb2 31. Rxb2 Rxb2 32. Kg1 Kh5 33. Kf1 Kxh4 34. Ke1 Kg4 35. Kd1 Kf3 36. Kc1 Rh2 37. Kd1 Ke3 38. Kc1 Kd3 39. Kb1 Kc3 40. Ka1 Kb3 41. Kb1 Rh1# 0-1

[Event "4NCL Online Division 7"]
[Site "online"]
[Date "2021.04.06"]
[EventDate "2021.04.06"]
[Round "6.241"]
[White "Welch, Stephen T"]
[WhiteElo "1434"]
[WhiteTeam "Londinium Legionaries"]
[Black "Roberts, Harry"]
[BlackElo "1248"]
[BlackTeam "Horsham 3"]
[Result "1-0"]
[PlyCount "45"]

1. d4 Nf6 2. Bf4 g6 3. Nf3 Bg7 4. e3 d5 5. Nbd2 O-O 6. h3 Nbd7 7. Bd3 c5 8. c3 c4 9. Bc2 e6 10. O-O Qb6 11. b3 Re8 12. bxc4 Qb2 13. cxd5 Nxd5 14. Nc4 Qxc3 15. Nd6 Rf8 16. Bh2 N7f6 17. e4 Nb4 18. Bb3 Rd8 19. Rc1 Qd3 20. Qe1 Qa6 21. Qxb4 Bf8 22. Qe1 Bxd6 23. e5 1-0

[Event "4NCL Online Division 7"]
[Site "online"]
[Date "2021.04.06"]
[EventDate "2021.04.06"]
[Round "6.242"]
[White "Hosker, Monika"]
[WhiteElo "1237"]
[WhiteTeam "Horsham 3"]
[Black "Clerc, Nikolai"]
[BlackElo "1200"]
[BlackTeam "Londinium Legionaries"]
[Result "0-1"]
[PlyCount "92"]

1. d4 Nf6 2. c4 e6 3. Bg5 d5 4. e3 Be7 5. cxd5 Qxd5 6. Nf3 O-O 7. a3 Qa5+ 8. Nc3 c5 9. Be2 cxd4 10. Qxd4 Nc6 11. Qc4 Rd8 12. O-O e5 13. b4 Qc7 14. Bxf6 Be6 15. Qe4 Bxf6 16. Rac1 a6 17. h3 g6 18. Bc4 Bf5 19. Bxf7+ Qxf7 20. Nxe5 Nxe5 21. Qf4 Nd3 22. Qf3 Nxc1 23. Rxc1 Rac8 24. e4 Bxe4 25. Qe3 Rd3 26. Qe1 Rcxc3 27. Rxc3 Rxc3 28. Qxe4 Rxa3 29. Qf4 Ra1+ 30. Kh2 a5 31. bxa5 Rxa5 32. g3 Rf5 33. Qe3 b5 34. h4 b4 35. Qb6 b3 36. Qb8+ Kg7 37. f4 b2 38. g4 Rd5 39. g5 Rd2+ 40. Kg3 Bd4 41. Qb4 Rd1 42. h5 b1=Q 43. h6+ Kh8 44. Qa4 Qd3+ 45. Kh2 Qxf4+ 46. Kg2 Qdf3# 0-1

[Event "4NCL Online Division 7"]
[Site "online"]
[Date "2021.04.06"]
[EventDate "2021.04.06"]
[Round "6.243"]
[White "Agazade, Murad"]
[WhiteElo "1188"]
[WhiteTeam "Londinium Legionaries"]
[Black "Cowley, Charlie"]
[BlackElo "1219"]
[BlackTeam "Horsham 3"]
[Result "1-0"]
[PlyCount "89"]

1. d4 d5 2. c4 c6 3. Nc3 Nf6 4. Nf3 Bf5 5. Bg5 e6 6. e3 Be7 7. Qb3 Qc7 8. Be2 Nbd7 9. O-O O-O 10. Bf4 Qc8 11. Rfe1 Nh5 12. Bg3 Nxg3 13. fxg3 Nf6 14. Nh4 Rb8 15. Nxf5 exf5 16. cxd5 cxd5 17. Nxd5 Bd8 18. Rac1 Qe6 19. Nxf6+ Qxf6 20. Bd3 Bb6 21. Rf1 g6 22. g4 Qd6 23. gxf5 Bc7 24. g3 g5 25. Qc4 Rbc8 26. Qa4 a5 27. f6 Bd8 28. Rxc8 Qe6 29. Bf5 Qxe3+ 30. Kh1 Bxf6 31. Rxf8+ Kxf8 32. Qa3+ Qe7 33. Qxe7+ Kxe7 34. Rc1 Kd6 35. Be4 Bxd4 36. Rd1 Ke5 37. Bxb7 Bxb2 38. Rd7 Ke6 39. Bc8 Kf6 40. Ra7 Bc3 41. Kg2 Kg6 42. Kf3 f6 43. g4 h5 44. Bf5+ Kh6 45. Rh7# 1-0

[Event "4NCL Online Division 7"]
[Site "online"]
[Date "2021.04.06"]
[EventDate "2021.04.06"]
[Round "6.244"]
[White "Jefferson, Simon"]
[WhiteElo "900"]
[WhiteTeam "Horsham 3"]
[Black "Flaccavento, Marco"]
[BlackElo "1028"]
[BlackTeam "Londinium Legionaries"]
[Result "0-1"]
[PlyCount "68"]

1. Nf3 d5 2. Nc3 Nf6 3. d3 Nc6 4. e3 Bg4 5. Be2 e6 6. O-O Bd6 7. e4 dxe4 8. dxe4 Bxf3 9. Bxf3 Nd4 10. Qxd4 Bxh2+ 11. Kxh2 Qxd4 12. g3 O-O-O 13. Be3 Qb4 14. a3 Qxb2 15. Na4 Qxc2 16. Bd1 Rxd1 17. Raxd1 Qxa4 18. Bc1 Rd8 19. Rde1 Nxe4 20. Be3 Nf6 21. Ra1 Ng4+ 22. Kh3 Nxe3 23. fxe3 Rd3 24. Rxf7 Rxe3 25. Rf8+ Kd7 26. Rf7+ Kd6 27. Rxg7 Qd4 28. Rg1 Qxg7 29. a4 Re2 30. g4 Qh6+ 31. Kg3 Qe3+ 32. Kh4 Qxg1 33. g5 Rg2 34. Kh5 Qh2# 0-1

[Event "4NCL Online Division 7"]
[Site "online"]
[Date "2021.04.06"]
[EventDate "2021.04.06"]
[Round "6.251"]
[White "Smith, Bob"]
[WhiteElo "1422"]
[WhiteTeam "East Kilbride Rovers"]
[Black "Tarigopula, Pawan Kumar"]
[BlackElo "1280"]
[BlackTeam "Uxbridge Eagles"]
[Result "1-0"]
[PlyCount "133"]

1. Nf3 e6 2. c4 d5 3. g3 Nf6 4. Bg2 dxc4 5. Qa4+ Bd7 6. Qxc4 Nc6 7. O-O Be7 8. d3 O-O 9. Nc3 Na5 10. Qf4 Bd6 11. Qd2 Nc6 12. a3 Rb8 13. b4 Ne5 14. Bb2 Nxf3+ 15. Bxf3 Qe7 16. Rfc1 Rfc8 17. Ne4 Nxe4 18. Bxe4 e5 19. Bc3 f5 20. Bg2 c5 21. Rcb1 cxb4 22. Bxb4 Bxb4 23. Rxb4 Bc6 24. Rab1 b6 25. Rc1 Bxg2 26. Kxg2 Rxc1 27. Qxc1 Qb7+ 28. Kg1 Rc8 29. Rc4 Rxc4 30. Qxc4+ Qf7 31. Qc8+ Qf8 32. Qe6+ Qf7 33. Qxe5 Qd7 34. Qb8+ Kf7 35. Qf4 Qe6 36. Qc7+ Qe7 37. Qxe7+ Kxe7 38. e4 fxe4 39. dxe4 a5 40. f4 b5 41. Kf2 b4 42. axb4 axb4 43. Ke2 h6 44. g4 Kf6 45. h4 Ke6 46. Kd3 g6 47. Kc4 b3 48. Kxb3 Kf6 49. Kc4 Ke6 50. Kd4 Kd6 51. f5 gxf5 52. gxf5 Ke7 53. Kd5 Kf7 54. e5 Ke7 55. e6 Ke8 56. Kd6 Kd8 57. f6 Ke8 58. f7+ Kf8 59. Kd7 h5 60. e7+ Kxf7 61. e8=Q+ Kf6 62. Qe6+ Kg7 63. Ke7 Kh7 64. Qf5+ Kh6 65. Qg5+ Kh7 66. Kf7 Kh8 67. Qg7# 1-0

[Event "4NCL Online Division 7"]
[Site "online"]
[Date "2021.04.06"]
[EventDate "2021.04.06"]
[Round "6.252"]
[White "Tarigopula, Varish"]
[WhiteElo "1258"]
[WhiteTeam "Uxbridge Eagles"]
[Black "Nagar, Pankaj"]
[BlackElo "779"]
[BlackTeam "East Kilbride Rovers"]
[Result "1/2-1/2"]
[PlyCount "71"]

1. e4 e5 2. Nf3 Nc6 3. d4 f6 4. d5 Nce7 5. Nc3 c6 6. dxc6 Nxc6 7. Be3 d6 8. a3 Bg4 9. Bc4 Nge7 10. h3 Bd7 11. Qd2 Na5 12. Ba2 b6 13. Nd5 Nxd5 14. Qxd5 Qc8 15. O-O b5 16. Ng5 fxg5 17. Qf7+ Kd8 18. Bxg5+ Kc7 19. f4 h6 20. Bh4 Nc4 21. Bxc4 bxc4 22. Qxc4+ Kb8 23. Qb3+ Qb7 24. Qc4 Bb5 25. Qe6 Bxf1 26. Rxf1 Qb6+ 27. Kh1 Kb7 28. Qd7+ Qc7 29. Qb5+ Kc8 30. Qe8+ Kb7 31. Qb5+ Qb6 32. Qd7+ Ka6 33. Qa4+ Qa5 34. Qc6+ Qb6 35. Qa4+ Kb7 36. Qd7+ 1/2-1/2

[Event "4NCL Online Division 7"]
[Site "online"]
[Date "2021.04.06"]
[EventDate "2021.04.06"]
[Round "6.253"]
[White "Pardeshi, Prachi"]
[WhiteElo "523"]
[WhiteTeam "East Kilbride Rovers"]
[Black "Knight, Samuel"]
[BlackElo "1291"]
[BlackTeam "Uxbridge Eagles"]
[Result "0-1"]
[PlyCount "114"]

1. e4 e6 2. Nc3 d5 3. exd5 exd5 4. d4 c6 5. Nf3 Nf6 6. h3 g6 7. Bg5 Bg7 8. Bd3 O-O 9. O-O Be6 10. Ne5 Nbd7 11. Qf3 Qc7 12. Rfe1 Nxe5 13. dxe5 Nd7 14. Qg3 Nxe5 15. Bf4 f6 16. Na4 Qa5 17. b3 Nxd3 18. Qxd3 Bf5 19. Qd1 Rfe8 20. Bd2 Qc7 21. Nc5 Bd7 22. g3 f5 23. Rb1 Bd4 24. Bf4 Be5 25. Bxe5 Rxe5 26. Rxe5 Qxe5 27. Nxd7 Qd6 28. c4 Qxd7 29. cxd5 cxd5 30. Qd4 b6 31. Rd1 Rd8 32. a4 b5 33. a5 a6 34. h4 Qc7 35. Qf6 Rd6 36. Qe5 Qc6 37. b4 Qc2 38. Rxd5 Rxd5 39. Qxd5+ Kg7 40. Qb7+ Kh6 41. Qxa6 Qb1+ 42. Kg2 Qxb4 43. Qb6 Qe4+ 44. Kh2 f4 45. Qxb5 fxg3+ 46. Kxg3 Qd4 47. a6 Qc3+ 48. f3 Qe1+ 49. Kf4 Qxh4+ 50. Ke3 Qe1+ 51. Kd4 Qf2+ 52. Ke4 Qh4+ 53. f4 Qh1+ 54. Ke5 Qh5+ 55. f5 Qxf5+ 56. Kd6 Qxb5 57. a7 Qa6+ 0-1

[Event "4NCL Online Division 7"]
[Site "online"]
[Date "2021.04.06"]
[EventDate "2021.04.06"]
[Round "6.254"]
[White "Jebananthan, Jeshan"]
[WhiteElo "1199"]
[WhiteTeam "Uxbridge Eagles"]
[Black "Roul, Tushar"]
[BlackElo "392"]
[BlackTeam "East Kilbride Rovers"]
[Result "0-1"]
[PlyCount "34"]

1. e4 d5 2. exd5 Nf6 3. Nc3 Nxd5 4. Nxd5 Qxd5 5. Nf3 Nc6 6. b3 Bg4 7. h3 Bxf3 8. gxf3 Qe5+ 9. Qe2 Qxa1 10. Qd1 Qe5+ 11. Qe2 Qxe2+ 12. Bxe2 Nd4 13. Bc4 Nxf3+ 14. Kf1 e6 15. Bb2 Nxd2+ 16. Kg2 Nxc4 17. bxc4 O-O-O 0-1

[Event "4NCL Online Division 7"]
[Site "online"]
[Date "2021.04.06"]
[EventDate "2021.04.06"]
[Round "6.261"]
[White "Nallaperumal, Kasi Veshagan"]
[WhiteElo "1495"]
[WhiteTeam "Maidenhead 3"]
[Black "Clarke, Anthony J"]
[BlackElo "1430"]
[BlackTeam "Enfield 2"]
[Result "0-1"]
[PlyCount "92"]

1. d4 d5 2. Bf4 Nf6 3. Nc3 e6 4. e3 a6 5. Nf3 c5 6. Ne5 c4 7. a3 Nc6 8. Be2 Be7 9. O-O O-O 10. Na4 Nd7 11. c3 Ncxe5 12. dxe5 b5 13. h3 bxa4 14. Qxa4 Nc5 15. Qd1 Rb8 16. Rb1 Bd7 17. Bf3 Nd3 18. Qd2 Nxf4 19. exf4 Rb6 20. Qe3 Qb8 21. Qe2 Bxa3 22. b4 cxb3 23. f5 Bb5 24. Qe3 Bxf1 25. Kxf1 b2 26. c4 Rb3 27. Qd4 dxc4 28. Be4 Rd8 29. Qxc4 Rc8 30. Qxa6 Rc1+ 31. Ke2 Rxb1 32. Bxb1 Qb5+ 33. Qxb5 Rxb5 34. fxe6 fxe6 35. f4 Rc5 36. Kd2 Rc1 37. Bc2 Rf1 38. Ke2 Rxf4 39. Ke3 Rf1 40. Ke2 b1=Q 41. Bxb1 Rxb1 42. Kf3 g5 43. Kg4 h6 44. Kh5 Kg7 45. g4 Rh1 46. h4 Rxh4# 0-1

[Event "4NCL Online Division 7"]
[Site "online"]
[Date "2021.04.06"]
[EventDate "2021.04.06"]
[Round "6.262"]
[White "March, Steven J"]
[WhiteElo "1295"]
[WhiteTeam "Enfield 2"]
[Black "Koppuravuri, Shrihan"]
[BlackElo "1475"]
[BlackTeam "Maidenhead 3"]
[Result "0-1"]
[PlyCount "46"]

1. e4 e5 2. c4 Nf6 3. d3 Nc6 4. Nf3 Be7 5. a3 O-O 6. Nc3 d6 7. h3 Be6 8. Ng5 Nd7 9. Nxe6 fxe6 10. Qg4 Nd4 11. Qd1 Bg5 12. Ne2 Bxc1 13. Nxd4 Bxb2 14. Nxe6 Qf6 15. Nxf8 Bc3+ 16. Ke2 Rxf8 17. f3 Bxa1 18. Qxa1 Nc5 19. Kf2 Qh4+ 20. Kg1 Qg3 21. Qd1 Ne6 22. Qe2 Nd4 23. Qf2 Nxf3+ 0-1

[Event "4NCL Online Division 7"]
[Site "online"]
[Date "2021.04.06"]
[EventDate "2021.04.06"]
[Round "6.263"]
[White "Chen, William"]
[WhiteElo "1320"]
[WhiteTeam "Maidenhead 3"]
[Black "Dometakis, Lakis"]
[BlackElo "1276"]
[BlackTeam "Enfield 2"]
[Result "1-0"]
[PlyCount "119"]

1. e4 c6 2. d4 d5 3. exd5 cxd5 4. c4 Nf6 5. Nc3 e6 6. Nf3 Be7 7. Bf4 a6 8. Be2 O-O 9. O-O dxc4 10. Bxc4 Nc6 11. d5 Nxd5 12. Nxd5 exd5 13. Qxd5 Qb6 14. b3 Bf6 15. Rad1 Be6 16. Qe4 Bxc4 17. Qxc4 Rac8 18. Be3 Qc7 19. Rd3 b5 20. Qc1 Qb7 21. Qa3 Ne5 22. Nxe5 Bxe5 23. Rfd1 b4 24. Qa5 h6 25. Qxe5 Rfe8 26. Qg3 Kh7 27. Rd7 Qxd7 28. Qf3 Qb5 29. Qxf7 Qe5 30. Qa7 Qc3 31. Qxa6 Ra8 32. Qe2 Re6 33. h3 Rae8 34. Qg4 Rxe3 35. fxe3 Qxe3+ 36. Kh1 Qe2 37. Qxe2 Rxe2 38. Rd4 Rxa2 39. Rxb4 Rb2 40. Kh2 h5 41. Rb5 g6 42. Kg3 Kh6 43. h4 Rd2 44. Kf3 Rd3+ 45. Ke2 Rg3 46. Kf2 Rg4 47. g3 Kg7 48. Kf3 Kf6 49. Rb6+ Ke7 50. Rc6 Kd7 51. Rc4 Rxc4 52. bxc4 Kd6 53. Kf4 Kc5 54. Kg5 Kxc4 55. Kxg6 Kd4 56. Kxh5 Ke4 57. Kg5 Ke5 58. h5 Ke6 59. Kg6 Ke7 60. Kg7 1-0

[Event "4NCL Online Division 7"]
[Site "online"]
[Date "2021.04.06"]
[EventDate "2021.04.06"]
[Round "6.264"]
[White "McHugh, Ralph"]
[WhiteElo "1311"]
[WhiteTeam "Enfield 2"]
[Black "Balachandar, Sridhar"]
[BlackElo "1216"]
[BlackTeam "Maidenhead 3"]
[Result "1-0"]
[PlyCount "155"]

1. c4 e5 2. Nc3 Nc6 3. g3 Nf6 4. Bg2 Bb4 5. a3 Bxc3 6. bxc3 d5 7. cxd5 Nxd5 8. e4 Nf6 9. Ne2 Qd3 10. f3 Be6 11. O-O Bc4 12. Rf2 O-O-O 13. Bf1 Qd6 14. Rb1 Bd3 15. Rb2 Qc5 16. Qb3 Na5 17. Qb4 Qxb4 18. axb4 Nc4 19. Ra2 a6 20. Bh3+ Kb8 21. Bf5 g6 22. Bh3 h5 23. Bf1 h4 24. g4 g5 25. Kg2 Rdg8 26. Ng1 h3+ 27. Kg3 Bxf1 28. Rxf1 Rd8 29. Nxh3 Rh4 30. Nxg5 Rdh8 31. d3 Nd6 32. h3 Nd7 33. Rh2 f6 34. Ne6 R4h7 35. Nc5 Nxc5 36. bxc5 Nb5 37. Bb2 Rd8 38. Rd1 Rhd7 39. Rhd2 Rh7 40. d4 Rdh8 41. Rh2 Rd7 42. d5 c6 43. d6 b6 44. c4 Nd4 45. cxb6 Rxd6 46. c5 Nf5+ 47. exf5 Rxd1 48. h4 Rg1+ 49. Kf2 Rb1 50. Bc3 Rc1 51. Bd2 Rxc5 52. f4 Rd8 53. Be3 Rc2+ 54. Kg3 exf4+ 55. Bxf4+ Kb7 56. Rxc2 Rd3+ 57. Kf2 Kxb6 58. h5 Rd7 59. Kg3 Rd3+ 60. Kh4 a5 61. h6 Rd1 62. Kh5 Rh1+ 63. Kg6 Rg1 64. Kh5 a4 65. h7 Rh1+ 66. Rh2 Rxh2+ 67. Bxh2 a3 68. h8=Q a2 69. Qxf6 Kb5 70. Qb2+ Kc4 71. Qxa2+ Kd3 72. f6 c5 73. f7 c4 74. f8=Q c3 75. Qf3+ Kd4 76. Qa4+ Kc5 77. Qf5+ Kb6 78. Qfb5# 1-0

[Event "4NCL Online Division 7"]
[Site "online"]
[Date "2021.04.06"]
[EventDate "2021.04.06"]
[Round "6.271"]
[White "Badacsonyi, Stanley"]
[WhiteElo "1214"]
[WhiteTeam "MHJ Knights"]
[Black "Richards, Simon A"]
[BlackElo "1614"]
[BlackTeam "Wantage B"]
[Result "1-0"]
[PlyCount "31"]

1. d4 Nf6 2. Nc3 d5 3. Bf4 e6 4. e3 c5 5. Nf3 Nc6 6. Nb5 Qa5+ 7. c3 Kd7 8. a4 Ne8 9. dxc5 Bxc5 10. b4 Nxb4 11. cxb4 Qxb4+ 12. Qd2 a6 13. Ne5+ Ke7 14. Nd4 f6 15. Nec6+ bxc6 16. Nxc6+ 1-0

[Event "4NCL Online Division 7"]
[Site "online"]
[Date "2021.04.06"]
[EventDate "2021.04.06"]
[Round "6.272"]
[White "Mills, Matt"]
[WhiteElo "1439"]
[WhiteTeam "Wantage B"]
[Black "Vera, Louis"]
[BlackElo "1112"]
[BlackTeam "MHJ Knights"]
[Result "0-1"]
[PlyCount "68"]

1. b4 e5 2. Bb2 d6 3. e4 Nf6 4. Nc3 a6 5. Nf3 Bg4 6. h3 Bh5 7. Be2 Nc6 8. a3 Be7 9. d3 Bxf3 10. Bxf3 O-O 11. Nd5 Re8 12. Qe2 b6 13. Nxf6+ Bxf6 14. g4 h6 15. O-O-O Nd4 16. Bxd4 exd4 17. Qf1 c5 18. Kb2 cxb4 19. axb4 Qc7 20. e5 Bxe5 21. Bxa8 Qc3+ 22. Kb1 Qxb4+ 23. Ka2 Qa4+ 24. Kb2 Qb4+ 25. Ka2 Qa4+ 26. Kb2 Rc8 27. Qe2 Qb4+ 28. Ka2 Qa5+ 29. Kb2 Qc3+ 30. Kb1 Rc5 31. f4 Rb5+ 32. Kc1 Bxf4+ 33. Rd2 Qb2+ 34. Kd1 Qb1# 0-1

[Event "4NCL Online Division 7"]
[Site "online"]
[Date "2021.04.06"]
[EventDate "2021.04.06"]
[Round "6.273"]
[White "Qiu, Calvin"]
[WhiteElo "932"]
[WhiteTeam "MHJ Knights"]
[Black "Barker, Richard"]
[BlackElo "1345"]
[BlackTeam "Wantage B"]
[Result "0-1"]
[PlyCount "154"]

1. e4 e5 2. Nf3 Nc6 3. Nc3 Nf6 4. d3 Bb4 5. a3 Ba5 6. b4 Bb6 7. Bg5 a6 8. Nd5 h6 9. Nxf6+ gxf6 10. Bd2 d6 11. c4 Bg4 12. h3 Bh5 13. Be2 Qe7 14. a4 Bxf3 15. Bxf3 Nd4 16. Be3 Nxf3+ 17. Qxf3 Bxe3 18. fxe3 O-O-O 19. O-O Rdg8 20. b5 a5 21. Qxf6 Qxf6 22. Rxf6 Rg7 23. Raf1 Rhg8 24. R1f2 b6 25. Rxh6 Rg3 26. Kh2 Rxe3 27. Rd2 Kd7 28. Rf6 Ke7 29. Rf1 Rgg3 30. Rfd1 Rg7 31. g4 Rh7 32. Kg2 Rexh3 33. Rf2 R3h4 34. g5 Rg4+ 35. Kf3 Rxg5 36. Rdf1 Rgh5 37. Kg2 Rg7+ 38. Kf3 Rh3+ 39. Ke2 Rgh7 40. Ke1 Rxd3 41. Ke2 Rd4 42. Ke3 Rxc4 43. Ra1 Rc3+ 44. Kd2 Rch3 45. Rc1 Kd7 46. Rcf1 Ke7 47. Rc1 Kd7 48. Rcf1 Rh2 49. Ke3 Rxf2 50. Rxf2 Rh3+ 51. Ke2 Ke6 52. Rf1 Ra3 53. Rc1 Kd7 54. Rc4 Ra2+ 55. Kf3 Ra1 56. Kg4 Rf1 57. Kg3 Rf4 58. Kg2 f5 59. Kg3 Rxe4 60. Rxe4 fxe4 61. Kf2 d5 62. Ke3 Kd6 63. Kd2 Kc5 64. Kc3 d4+ 65. Kd2 Kb4 66. Ke2 Kxa4 67. Kd2 Kxb5 68. Ke2 Kc4 69. Kd2 a4 70. Kc2 b5 71. Kb2 b4 72. Ka2 Kc3 73. Ka1 e3 74. Ka2 e2 75. Kb1 e1=Q+ 76. Ka2 Qe2+ 77. Ka1 Qb2# 0-1